Spring silkwors and other stories / (Record no. 131058)

MARC details
000 -LEADER
fixed length control field 00615nam a22002297a 4500
005 - DATE AND TIME OF LATEST TRANSACTION
control field 20170124110122.0
010 ## - LIBRARY OF CONGRESS CONTROL NUMBER
LC control number A-839679
020 ## - INTERNATIONAL STANDARD BOOK NUMBER
Terms of availability 00.00
035 ## - SYSTEM CONTROL NUMBER
System control number A-839679
037 ## - SOURCE OF ACQUISITION
Source of stock number/acquisition Cen Lib/Ret
040 ## - CATALOGING SOURCE
Original cataloging agency DPL
Language of cataloging EN
082 ## - DEWEY DECIMAL CLASSIFICATION NUMBER
Classification number S
Item number TUN
100 ## - MAIN ENTRY--PERSONAL NAME
Personal name Tun, Mao
9 (RLIN) 30699
245 ## - TITLE STATEMENT
Title Spring silkwors and other stories /
Statement of responsibility, etc by Mao Tun
250 ## - EDITION STATEMENT
Edition statement 2nd ed
260 ## - PUBLICATION, DISTRIBUTION, ETC. (IMPRINT)
Place of publication, distribution, etc Peking
Name of publisher, distributor, etc Foreign Languages Press
Date of publication, distribution, etc 1969
270 ## - ADDRESS
Address Peking
City Peking
300 ## - PHYSICAL DESCRIPTION
Extent iii, 237p. :
Dimensions 19cm(Hb)
Other physical details ill.
650 ## - SUBJECT ADDED ENTRY--TOPICAL TERM
Topical term or geographic name as entry element Engklish Literature
9 (RLIN) 30700
650 ## - SUBJECT ADDED ENTRY--TOPICAL TERM
Topical term or geographic name as entry element English fiction-Short Stories
9 (RLIN) 106132
942 ## - ADDED ENTRY ELEMENTS (KOHA)
Source of classification or shelving scheme Dewey Decimal Classification
Koha item type English Books
Classification part S
Call number suffix TUN
Holdings
Withdrawn status Lost status Damaged status Not for loan Home library Current library Date acquired Source of acquisition Cost, normal purchase price Total Checkouts Full call number Barcode Date last seen Copy number Cost, replacement price Price effective from Koha item type Public note
Written off       Central Library Central Library 13/07/2015 Cen Lib/Ret 0.00   S TUN A-839679 13/07/2015 1 0.00 13/07/2015 English Books Written off on approval by DLB (By Circulation); dtd 15-06-2023

© Delhi Public Library
Hit Counter
free hit counter